Quizzes
Events
Quiz Creation
Community
Videos
Private Events
Remove Ads
Sign In
Join for FREE
Feedback
Dark Mode
Quiz Categories
Sports
Geography
Music
Movies
Television
Just For Fun
Miscellaneous
History
Literature
Language
Science
Gaming
Entertainment
Religion
Holiday
For Kids
Quiz Lab
Recent
Popular Today
Quiz Kudos Today
Editor Picks
Curator Picks
Quizzes by...
Day
Popularity
Type
Ratings
Length
Year
Community
Subscriptions
Recent Discussions
Orange Saloon
Badges
Playlists
Quests
Create
Leaderboards
Showdown
Live 5
Trivia Bingo
Activity
Puzzle Library
Sporcle Events
Private Events
Virtual Trivia
Globe League
Become a Host
Pub Owners
SporcleCon
Opinionation
Our Games
Videos
Blog
Mobile Apps
Partnerships
Remove Ads and Go Orange
Feedback
Entertainment
Celebrity
Famous
Musical
Broadway
Show
Quote
Comic Books
Anime
Superhero
DC Comics
Marvel
Cartoons
Animation
Entertainment
Celebrity
Famous
Musical
Broadway
Show
Quote
Comic Books
Anime
Superhero
DC Comics
Marvel
Cartoons
Animation
Random Quiz
Search Sporcle
×
Quiz Lab
Quiz Lab
Entertainment
Broadway
Type in answers that appear in a list
Type in answers that appear in a list
Classic
Best Score? Go Orange.
Musical Bodies Stats
Can you name the musical based on the lyric mentioning a body part?
By
Musicalfan
10m
44 Questions
288 Plays
288 Plays
288 Plays
Comments
Comments
Give Quiz Kudos
Give Quiz Kudos
-
- Ratings
hide this ad
More Info
Forced Order
Answers have to be entered in order
Answers have to be entered in order
Random Order
Randomize order of answers
Randomize order of answers
Replay
Link that replays current quiz
Next Quiz
Link to next quiz in quiz playlist
You Got
0%
They Got
Avg Score
28%
Avg Friend Score
Upgrade to see
Score Distribution
Jump to the score distribution portion of the page
Score
0/44
Timer
10:00
0
Plays Today
Lyric
Musical
% Correct
Snowflakes that stay on my nose and eyelashes
The Sound of Music
85.4%
I'm gonna rouge my knees and roll my stockings down
Chicago
85.1%
Without him I feel his arms around me
Les Miserables
78.8%
Hands touch, eyes meet, sudden silence, sudden heat
Wicked
65.6%
You know nothing of maddness, 'til you are climbing her hair
Into the Woods
62.5%
The rats on the street haul tins around my feet
Hairspray
59.4%
Hold my hand and we're half way there
West Side Story
54.9%
That's just the chip on my shoulder
Legally Blonde
50.3%
The withered leaves collect at my feet
Cats
45.5%
The pavement always stayed beneath my feet before
My Fair Lady
45.5%
This face, which earned a mother's fear and loathing
The Phantom of the Opera
42.7%
I got my ears, I got my eyes
Hair
42.4%
When I see someone rich both my thumbs start to itch
Oliver!
40.6%
When the cat has got your tongue there's no need for dismay
Mary Poppins
39.6%
Shall we still be together with our arms around eachother?
The King and I
37.2%
And I find I can't hide from your eyes
Rent
30.6%
There's powder upon your vest my Lord and stubble upon your cheek
Sweeney Todd
30.6%
I'd turn my head, I'd back away
Jesus Christ Superstar
30.2%
So I put on her shoes and tights and all but the foot's too small
A Chorus Line
27.8%
Take my hand on bended knee, bended knee
Shrek
25.3%
Hear the beat of dancing feet
42nd Street
23.6%
Music from those hands could catch you like a spell
Ragtime
21.5%
Lyric
Musical
% Correct
So take that look off your face
Song and Dance
21.2%
A hand above the water, an angel reaching for the sky
We Will Rock You
17.7%
Look with your heart and not with your eyes
Love Never Dies
16.7%
He said me eyes were deep blue pools, me skin as soft as snow
Blood Brothers
15.6%
No more lips, no more tongue, no more ears, no more eyes
Spring Awakening
15.3%
I feel your fingers cold on my shoulder
Jekyll and Hyde
13.5%
I got lost in his arms but look what I have found
Annie get your Gun
13.5%
Hands and faces, earth and sky
Aspects of Love
13.2%
What is the good of the strongest heart?
Evita
12.8%
In her eyes, in her voice, in the heat that filled the air
Miss Saigon
11.5%
To see moments of enchantment on our faces
Aida
10.8%
Asleep you can't lift a finger
Billy Elliot
9.4%
And in my sister's eyes I recognise the star I want to be
Sister Act
8%
Once again I'm a little depressed by the tired old face I see
La Cage aux Folles
5.9%
So find her and bring her to heel
The Wizard of Oz
5.6%
I close my eyes and I see him there
The Witches of Eastwick
5.6%
There's a chill in the air and there's ice in my veins
Whistle Down the Wind
5.6%
Played with his flag and tapped his fingers then took a walk
Chess
5.2%
The waters drag me down, I reach for your hand
Kristina
4.9%
He has magic fingers, he has magic hands
Betty Blue Eyes
4.2%
Face it brother, we're joined at the hip
Roadshow
3.8%
When the sky is golden red take me in your arms to bed
Love Story
2.8%
Quiz Playlist
Details
Report
Send in Message
Add To Playlist
More Info:
Name the musical based on the lyric which mentions a part of the body. Good luck :)
Classic:
Type in answers that appear in a list
Forced Order:
Answers have to be entered in order
Random Order:
Randomize order of answers
Last Updated: Feb 16, 2017
Quiz Scoreboard
CHALLENGE
Sign Up to Join the Scoreboard
Show All
Scores
Hide
Comments
May contain spoilers
Recently Published
College Basketball Coaching Resumes
by pancakes188
Sports
9m
Billboard Blitz: Fleetwood Mac
by CooCooCachoo
Music
15s
Presidents Visiting Landmarks
by Hejman
History
7m
More to Explore
Quiz From the Vault
Featured Blog Post
Where Did the Easter Bunny Come From?
hide this ad
You Might Also Like...
Tags
Broadway Quiz
Musical Quiz
Body
Body Parts
Broadway Lyrics
Broadway Musicals
Broadway Shows
Musical Numbers
Musical Songs
Musical Theater
West End
Today's Top Quizzes in Entertainment
Browse Entertainment
hide this ad
Today's Top Quizzes in Broadway
Browse Broadway
Top Contributed Quizzes in Entertainment
1
7-to-1: DC Comics Villains
2
Marvel Characters Bunker
3
Eurovision 2023 Logic Puzzle
4
Dragon Ball Z: Goku's Fights in Order
5
Criteria Quickie: Cartoon Taxonomy II
6
Sorting Pictures: Villains
7
Kamen Rider Motifs
8
Fictional Villains Letter U Blitz
9
Mini Trivia Sudoku: Musicals
10
Dragon Ball Z: Mega Character Search
Explore More
Trending Topics
Disney
Marvel
Harry Potter
Anime
Crossword
NBA
Kpop
Song
Soccer
Pokémon
Country
NFL
WWE
The Office
Puzzle
hide this ad
More By:
Musicalfan
Quiz
Plays
Rating
Category
Featured
Created
Harry Potter First 200 Words
80,969
4.52
Literature
Dec 11, 2010
Timely Musicals
29,831
4.05
Entertainment
May 19, 2011
HP 3 First 200 Words
15,336
4.50
Literature
Jan 5, 2011
HP 2 First 200 Words
8,595
4.61
Literature
Jan 3, 2011
HP 7 Last 200 Words
7,788
4.26
Literature
Dec 11, 2010
Go to Creator's Profile
Score Distribution
Quiz Creator Spotlight
Musicalfan
Follow
Send a Message
Quizzes Created
-
Created Quiz Play Count
-
More By This Creator
Popular Quizzes Today
1
Find the US States - No Outlines Minefield
2
Find the Countries of Europe - No Outlines Minefield
3
The Countries of the World
4
Find the US States
5
Risky Map Clicking: Biggest States A-Z
6
US States
7
Popular People in 1961
8
Movies - When Are They Set?
More Entertainment Quizzes
Comic Character by Cover Artist Part 23 (Steve Epting)
Quiz Lab
Trending Quizzes
Risky Map Clicking: Least Populous States A-Z
1-10 Letter G Words
1-10 Letter F Words
Risky Map Clicking: Next State Alphabetically
Click the Washington State Counties! (Map)
Recently Updated
Leaping Animals
pecheneg
Reality TV Shows (A-Z)
bhenderson79
Rickey Henderson's Hall of Fame Teammates
pecheneg
Champions League XIs: Arsenal
pecheneg
Quick Pick: Celebrities in WWE's Hall of Fame
aduchscher
A-Z Keypad Blitz II
pecheneg
Multiple Oscar Actors
pecheneg
Mystery Phrase Blitz: Oscar 'Best Actors'
pecheneg
F. Scott Fitzgerald Novels
LTH
Pick 3 Villains
ddd62291
Trending Topics
Harry Potter
Disney
NBA
Marvel
Anime
Kpop
Crossword
Song
Soccer
Country
Pokémon
WWE
NFL
The Office
Puzzle
Your Account Isn't Verified!
In order to create a playlist on Sporcle, you need to verify the email address you used during registration. Go to your
Sporcle Settings
to finish the process.
Report this User
Report this user for behavior that violates our
Community Guidelines
.
Details:
Send Report
Go to the Sporcle.com Mobile Site →
Comments